| 000 | 00000nam 2200000zi 4500 |
| 001 | 9.916956 |
| 003 | CaOODSP |
| 005 | 20221223134154 |
| 006 | m o d f |
| 007 | cr mn||||||||| |
| 008 | 221104t20222022qucab ob f000 0 eng d |
| 020 | |a9780660461526 |
| 040 | |aCaOODSP|beng|erda|cCaOODSP |
| 043 | |an-cn-on |
| 086 | 1 |aCW66-924/2022E-PDF |
| 245 | 00|aLong Point National Wildlife Area management plan. |
| 264 | 1|aGatineau QC : |bEnvironment and Climate Change Canada = Environnement et changement climatique Canada, |c2022. |
| 264 | 4|c©2022 |
| 300 | |a1 online resource (ix, 116 pages) : |bcolour illustrations, colour map |
| 336 | |atext|btxt|2rdacontent |
| 337 | |acomputer|bc|2rdamedia |
| 338 | |aonline resource|bcr|2rdacarrier |
| 500 | |aIssued also in French under title: Réserve nationale de faune de Long Point : plan de gestion. |
| 500 | |a"EC22102." |
| 504 | |aIncludes bibliographical references (pages 94-109). |
| 650 | 0|aWildlife refuges|zOntario|xManagement. |
| 650 | 0|aNational parks and reserves|zOntario|xManagement. |
| 710 | 1 |aCanada. |bEnvironment and Climate Change Canada, |eissuing body. |
| 775 | 08|tRéserve nationale de faune de Long Point : |w(CaOODSP)9.916957 |
| 856 | 40|qPDF|s3.70 MB|uhttps://publications.gc.ca/collections/collection_2022/eccc/cw66/CW66-924-2022-eng.pdf |
| 986 | |aEC22102 |